00493 2200193 4500001002100000005001500021035002000036245004400056100001800100250001100118300002300129260003800152082001000190084001600200020001800216650001000234008004100244990001400285INLIS00000000000187220251022110548 a0010-10250000551 aMenetaskan Telur Walet /cArief Budiman0 aArief Budiman aCet II a88 hlm ;c20,5 cm. aJakarta :bPenebar Swadaya,c2010 a636.6 a636.6 ARI m a979-489-611-X 4aWalet251022 0 ind  a202500527